Atlas of freshwater aquarium fishes (Registro nro. 5053)

Detalles MARC
000 -CABECERA
Campo de control 00609nam a2200229 a 4500
005 - FECHA Y HORA DE LA ULTIMA TRANSACCION
Campo de control 20200528150625.0
008 - ELEMENTOS DE LONGITUD FIJA—INFORMACION GENERAL
Campo de control 140318b2004 ||||| |||| 00| 0 eng d
040 ## - FUENTE DE CATALOGACIÓN
Agencia catalogadora original CO-BoIAVH
Agencia transcriptora CO-BoIAVH
041 ## - IDIOMA
Código de idioma para texto/pista de sonido o título separado Inglés
082 ## - NUMERO DE CLASIFICACION DECIMAL DEWEY
Número de clasificación 639.34
090 ## - CLASIFICACIÓN LOCAL
Colección LB
Consecutivo 04446
100 ## - ASIENTO PRINCIPAL--NOMBRE PERSONAL
Nombre personal Axelrod, Herbert R.
245 ## - MENCION DE TITULO
Título Atlas of freshwater aquarium fishes
250 ## - MENCION DE EDICION
Mención de edición 3 ed.
260 ## - PUBLICACION, DISTRIBUCION, ETC. (PIE DE IMPRENTA)
Lugar de publicación, distribución, etc. s.l.
Nombre del editor, distribuidor, etc. T.F.H. Publications
Fecha de publicación, distribución, etc. 2004
300 ## - DESCRIPCION FISICA
Extensión 1153 p.
650 #0 - ASIENTO SECUNDARIO DE MATERIA - TERMINO TEMATICO
Término temático o nombre geográfico como elemento de entrada Acuarios
650 #0 - ASIENTO SECUNDARIO DE MATERIA - TERMINO TEMATICO
Término temático o nombre geográfico como elemento de entrada Peces de acuarios
Subdivisión de forma Catálogos.
700 ## - ASIENTO SECUNDARIO - NOMBRE PERSONAL
Nombre personal Axelrod, Glen S.
942 ## - ELEMENTOS ADICIONALES (KOHA)
Tipo de ítem Libro
Sistema de clasificación Local
945 ## - PROCESAMIENTO LOCAL
AAAA-MM-DD - Fecha de ingreso o modificacion 2006-01-03
Existencias
Withdrawn status Lost status Sistema de Clasificación Damaged status No para préstamo Colección Ubicación Permanente Ubicación actual Fecha de adquisición Fuente de Valor Total Checkouts Número topográfico Inventario / Código de Barras Date last seen Ejemplar Price effective from Forma de adquisición Tipo de material
    Local     General Villa de Leyva Villa de Leyva 03/01/2006 CID Humboldt   LB-04446 022706 04/12/2012 Ej. 1 04/12/2012 Compra Libro